[Event "WchT Seniors 50"]
[Site "Prague"]
[Date "2020.03.09"]
[Round "4.5"]
[White "Fatalibekova, Elena"]
[Black "Cejkova, Miroslava"]
[Result "1-0"]
[WhiteElo "2158"]
[BlackElo "1998"]
[PlyCount "111"]
[EventDate "2020.03.06"]
[EventType "team-swiss"]
[EventRounds "7"]
[EventCountry "CZE"]
[SourceTitle "CBM 195 Extra"]
[Source "ChessBase"]
[SourceDate "2020.05.31"]
[SourceVersion "1"]
[SourceVersionDate "2020.05.31"]
[SourceQuality "1"]
[WhiteTeam "Russia 50 (W)"]
[BlackTeam "Czech Republic 50 (W)"]
[WhiteTeamCountry "RUS"]
[BlackTeamCountry "CZE"]

1. e4 e5 2. Nf3 d6 3. d4 Nd7 4. Bc4 c6 5. 0-0 Be7 6. Qe2 h6 7. a4 Ngf6 8. Nc3 Qc7 9. dxe5 dxe5 10. Nh4 Nb6 11. Bb3 g5 12. a5 gxh4 13. axb6 Qxb6 14. Be3 Qc7 15. Bxa7 b5 16. Bb6 Qb7 17. Rxa8 Qxa8 18. Bc7 h3 19. Bxe5 hxg2 20. Rd1 Rg8 21. Bxf6 Bxf6 22. e5 Be7 23. e6 fxe6 24. Bxe6 Bxe6 25. Qxe6 Rg7 26. Qxh6 Kf7 27. Re1 Bf6 28. Ne4 Qd8 29. Qxf6+ Qxf6 30. Nxf6 Kxf6 31. Re3 b4 32. Re4 c5 33. Rc4 Rg5 34. h4 Rd5 35. Kxg2 Ke6 36. Kg3 Kd6 37. b3 Ke6 38. Kg4 Kf6 39. f4 Kg6 40. Re4 Rd2 41. h5+ Kg7 42. Rc4 Rd5 43. f5 Kh6 44. Rf4 Kg7 45. Kg5 Rd2 46. h6+ Kh7 47. Rc4 Rg2+ 48. Kf6 Rf2 49. Rxc5 Kxh6 50. Kf7 Rd2 51. f6 Rd7+ 52. Ke6 Rb7 53. Rf5 Rb6+ 54. Kd7 Kg6 55. f7 Rb7+ 56. Kc6 1-0

[Event "Prague Menchik Memorial rapid"]
[Site "Prague"]
[Date "2019.06.09"]
[Round "9"]
[White "Postupa, Pavel1111"]
[Black "Cejkova, Miroslava"]
[Result "1-0"]
[WhiteElo "2186"]
[BlackElo "2020"]
[PlyCount "47"]
[EventDate "2019.06.09"]
[EventType "swiss (rapid)"]
[EventRounds "9"]
[EventCountry "CSR"]
[SourceTitle "CBM 190 Extra"]
[Source "ChessBase"]
[SourceDate "2019.07.15"]
[SourceVersion "1"]
[SourceVersionDate "2019.07.15"]
[SourceQuality "1"]

1. e4 e5 2. Nf3 d6 3. d4 Nd7 4. Nc3 c6 5. Bc4 Be7 6. 0-0 Ngf6 7. Re1 0-0 8. a4 b6 9. h3 Bb7 10. b3 a6 11. Bb2 b5 12. Bd3 b4 13. Ne2 a5 14. Ng3 Re8 15. dxe5 dxe5 16. Nxe5 Nxe5 17. Bxe5 Bc5 18. Bb2 Qb6 19. Qf3 Bd4 20. Bxd4 Qxd4 21. Rad1 Qe5 22. Qf5 Qe7 23. e5 g6 24. Qxf6 1-0

[Event "Prague Menchik Memorial rapid"]
[Site "Prague"]
[Date "2018.06.10"]
[Round "4"]
[White "Jirasek, Jiri"]
[Black "Cejkova, Miroslava"]
[Result "1-0"]
[WhiteElo "1903"]
[BlackElo "2059"]
[PlyCount "100"]
[EventDate "2018.06.10"]
[EventType "swiss (rapid)"]
[EventRounds "9"]
[EventCountry "CZE"]
[SourceTitle "CBM 184 Extra"]
[Source "ChessBase"]
[SourceDate "2018.06.28"]
[SourceVersion "1"]
[SourceVersionDate "2018.06.28"]
[SourceQuality "1"]

1. d4 d6 2. e4 Nf6 3. Nc3 Nbd7 4. Be3 e5 5. d5 Be7 6. f3 Nh5 7. g3 Nb6 8. Qd2 f5 9. 0-0-0 f4 10. Bf2 0-0 11. g4 Nf6 12. h4 Ne8 13. g5 g6 14. b3 Ng7 15. Bh3 Bxh3 16. Nxh3 c5 17. dxc6 bxc6 18. Be1 Qc8 19. Kb1 Rd8 20. Nf2 Ne6 21. Ng4 Nd4 22. Qd3 c5 23. Nf6+ Bxf6 24. gxf6 Qe6 25. h5 g5 26. Rg1 h6 27. Nd5 Nxd5 28. exd5 Qxf6 29. Ba5 Rd7 30. c3 Nf5 31. Qb5 Qe7 32. Qd3 Qf7 33. c4 Rb8 34. Bd2 Rdb7 35. Ka1 Rb6 36. Rb1 Nd4 37. Bc3 Nf5 38. Rb2 Rf8 39. Rgb1 Qxh5 40. a4 Ne3 41. b4 cxb4 42. Rxb4 Rfb8 43. a5 Rxb4 44. Rxb4 Rxb4 45. Bxb4 Qh1+ 46. Ka2 Kg7 47. Bxd6 Kf6 48. Ba3 Qxf3 49. d6 Qg2+ 50. Bb2 Qa8 1-0

[Event "CZE-ch (Women)"]
[Site "Klatovy"]
[Date "1999.??.??"]
[Round "2"]
[White "Cejkova, Miroslava"]
[Black "Decka, Eliska"]
[Result "1-0"]
[WhiteElo "2085"]
[BlackElo "2106"]
[PlyCount "31"]
[EventDate "1999.??.??"]
[EventType "swiss"]
[EventRounds "9"]
[EventCountry "CZE"]
[SourceTitle "EXT 2000"]
[Source "ChessBase"]
[SourceDate "1999.11.16"]
[SourceVersion "1"]
[SourceVersionDate "1999.11.16"]
[SourceQuality "1"]

1. e4 c5 2. Nc3 e6 3. g3 d5 4. exd5 exd5 5. Bg2 Nf6 6. d3 d4 7. Ne4 Nxe4 8. Bxe4 Nd7 9. Qe2 Be7 10. Bg5 Nf8 11. Bxe7 Qxe7 12. 0-0-0 Ne6 13. h4 a5 14. Re1 Ra6 15. Nh3 0-0 16. Bxh7+ 1-0

[Event "CZE-ch (Women)"]
[Site "Klatovy"]
[Date "1999.??.??"]
[Round "3"]
[White "Ptacnikova, Lenka"]
[Black "Cejkova, Miroslava"]
[Result "1-0"]
[WhiteElo "2225"]
[BlackElo "2085"]
[PlyCount "75"]
[EventDate "1999.??.??"]
[EventType "swiss"]
[EventRounds "9"]
[EventCountry "CZE"]
[SourceTitle "EXT 2000"]
[Source "ChessBase"]
[SourceDate "1999.11.16"]
[SourceVersion "1"]
[SourceVersionDate "1999.11.16"]
[SourceQuality "1"]

1. e4 c5 2. Nf3 a6 3. c4 d6 4. d4 Bg4 5. d5 e5 6. dxe6 fxe6 7. Be2 Nc6 8. 0-0 Be7 9. Nc3 Bf6 10. Be3 Nge7 11. Qd2 0-0 12. Rad1 Bxf3 13. Bxf3 Nd4 14. Bg4 Nec6 15. f4 Qe8 16. Qf2 Rd8 17. Qd2 Qg6 18. Bh3 Qh5 19. Kh1 Rfe8 20. Bg1 b5 21. b3 b4 22. Na4 Ne2 23. Be3 Nc3 24. Nxc3 Bxc3 25. Qf2 Bd4 26. Rd3 Bxe3 27. Rxe3 Nd4 28. e5 d5 29. cxd5 Rxd5 30. g4 Qf7 31. Bg2 Rd7 32. f5 Rf8 33. Be4 Qe7 34. f6 gxf6 35. exf6 Qd8 36. Qh4 Qc7 37. Rh3 Rfd8 38. f7+ 1-0

[Event "Klatovy op-A"]
[Site "Klatovy"]
[Date "1997.??.??"]
[Round "?"]
[White "Cejkova, Miroslava"]
[Black "Jirovsky, Milos"]
[Result "1-0"]
[WhiteElo "2135"]
[BlackElo "2460"]
[PlyCount "81"]
[EventDate "1997.??.??"]
[EventType "swiss"]
[EventRounds "9"]
[EventCountry "CZE"]
[SourceTitle "EXT 1998"]
[Source "ChessBase"]
[SourceDate "1997.11.17"]
[SourceVersion "1"]
[SourceVersionDate "1997.11.17"]
[SourceQuality "1"]

1. e4 d5 2. exd5 Qxd5 3. Nc3 Qd6 4. Bc4 Nf6 5. d3 a6 6. Nge2 b5 7. Bb3 Bb7 8. 0-0 Nbd7 9. Ng3 e6 10. Qe2 Qc6 11. f3 h5 12. Nge4 h4 13. Ng5 Bc5+ 14. Be3 Ng4 15. d4 Nxe3 16. Qxe3 Ba7 17. Nce4 Rh6 18. c3 Nf6 19. Qf4 h3 20. Nxh3 Nxe4 21. fxe4 Rf6 22. Qh4 Qxe4 23. Qh8+ Ke7 24. Qxg7 Qg6 25. Qxf6+ Qxf6 26. Rxf6 Kxf6 27. Rf1+ Ke7 28. Ng5 Rf8 29. h4 c5 30. dxc5 Bxc5+ 31. Kh2 Be3 32. Nf3 Rg8 33. Kh3 Bf4 34. g4 Bc8 35. Re1 Bb7 36. Rf1 Rd8 37. g5 f5 38. Nd4 e5 39. Nxf5+ Kf8 40. Kg4 Rd2 41. g6 1-0

[Event "CZE-ch (Women)"]
[Site "Ostrava"]
[Date "1997.??.??"]
[Round "6"]
[White "Jackova, Jana"]
[Black "Cejkova, Miroslava"]
[Result "1-0"]
[WhiteElo "2245"]
[BlackElo "2085"]
[PlyCount "105"]
[EventDate "1997.??.??"]
[EventType "swiss"]
[EventRounds "9"]
[EventCountry "CZE"]
[SourceTitle "EXT 1998"]
[Source "ChessBase"]
[SourceDate "1997.11.17"]
[SourceVersion "1"]
[SourceVersionDate "1997.11.17"]
[SourceQuality "1"]

1. e4 c5 2. Nf3 a6 3. Nc3 e6 4. d4 cxd4 5. Nxd4 Qc7 6. Bd3 b5 7. 0-0 Bb7 8. Kh1 Nc6 9. Be3 Nf6 10. a3 Be7 11. f4 h5 12. Be2 Nxd4 13. Qxd4 Rc8 14. Rad1 Bc5 15. Qd3 d5 16. Bxc5 Qxc5 17. e5 Nd7 18. Ne4 Qxc2 19. Nd6+ Ke7 20. Nxc8+ Rxc8 21. b4 Qxd3 22. Rxd3 g6 23. Bf3 Nb6 24. Kg1 Rc2 25. Rf2 Rc1+ 26. Rd1 Rc3 27. Ra2 Bc6 28. Be2 Kd7 29. Kf2 Na4 30. Rdd2 Nb6 31. Rdc2 Rb3 32. Ra1 Nc4 33. g3 Kc7 34. Rca2 Kb6 35. Bd1 Rb2+ 36. Rxb2 Nxb2 37. Ke3 a5 38. Kd4 a4 39. Be2 Nc4 40. Bxc4 dxc4 41. Rg1 Bf3 42. h3 Kc6 43. Ke3 Bd5 44. g4 hxg4 45. hxg4 Kd7 46. Kd4 Kc6 47. Rg3 Kb6 48. f5 gxf5 49. gxf5 c3 50. Rxc3 Bb3 51. f6 Bd1 52. Rh3 Bc2 53. Rh8 1-0

[Event "CZE-ch (Women)"]
[Site "Ostrava"]
[Date "1997.??.??"]
[Round "4"]
[White "Vacovska, Veronika"]
[Black "Cejkova, Miroslava"]
[Result "1/2-1/2"]
[WhiteElo "2080"]
[BlackElo "2085"]
[PlyCount "48"]
[EventDate "1997.??.??"]
[EventType "swiss"]
[EventRounds "9"]
[EventCountry "CZE"]
[SourceTitle "EXT 1998"]
[Source "ChessBase"]
[SourceDate "1997.11.17"]
[SourceVersion "1"]
[SourceVersionDate "1997.11.17"]
[SourceQuality "1"]

1. d4 d6 2. e4 Nd7 3. c4 e5 4. d5 Nc5 5. Nc3 f5 6. exf5 Bxf5 7. Be3 Ne4 8. Qf3 Nxc3 9. Qxf5 Na4 10. Qc2 Nb6 11. Bd3 Nf6 12. Bg5 Qd7 13. 0-0-0 c6 14. Bf5 Qc7 15. f4 cxd5 16. fxe5 dxe5 17. cxd5 Qxc2+ 18. Kxc2 Nbxd5 19. Nf3 e4 20. Rhe1 Bb4 21. Re2 Be7 22. Bxe4 Nxe4 23. Rxe4 Nf6 24. Rc4 0-0 1/2-1/2

[Event "CZE-ch (Women)"]
[Site "Usti nad Labem"]
[Date "1996.??.??"]
[Round "3"]
[White "Batelkova, Lucie"]
[Black "Cejkova, Miroslava"]
[Result "1-0"]
[WhiteElo "1645"]
[BlackElo "2080"]
[PlyCount "67"]
[EventDate "1996.??.??"]
[EventType "swiss"]
[EventRounds "9"]
[EventCountry "CZE"]
[SourceTitle "EXT 1998"]
[Source "ChessBase"]
[SourceDate "1997.11.17"]
[SourceVersion "1"]
[SourceVersionDate "1997.11.17"]
[SourceQuality "1"]

1. e4 e5 2. Nf3 Nc6 3. Bb5 a6 4. Ba4 b5 5. Bb3 Bc5 6. 0-0 d6 7. c3 Bg4 8. d3 Nf6 9. h3 Bh5 10. Re1 h6 11. Nbd2 Qd7 12. a4 0-0 13. Nf1 g5 14. Ng3 Bg6 15. Nh2 Kh7 16. Qf3 Ng8 17. Ng4 Nce7 18. axb5 Rab8 19. Rxa6 f5 20. exf5 Nxf5 21. Bxg8+ Kxg8 22. Nxf5 Bxf5 23. Nxh6+ Kg7 24. d4 Bg6 25. Qg3 exd4 26. Qxg5 Rbe8 27. Rxe8 Qxe8 28. Rc6 dxc3 29. Rxc7+ Kh8 30. Ng4 Rf7 31. Rxf7 Qxf7 32. bxc3 Qe6 33. Be3 Bxe3 34. Qxe3 1-0

[Event "CZE-ch (Women)"]
[Site "Usti nad Labem"]
[Date "1996.??.??"]
[Round "7"]
[White "Cejkova, Miroslava"]
[Black "Stankova, Zuzana"]
[Result "1-0"]
[WhiteElo "2080"]
[BlackElo "2130"]
[PlyCount "57"]
[EventDate "1996.??.??"]
[EventType "swiss"]
[EventRounds "9"]
[EventCountry "CZE"]
[SourceTitle "EXT 1998"]
[Source "ChessBase"]
[SourceDate "1997.11.17"]
[SourceVersion "1"]
[SourceVersionDate "1997.11.17"]
[SourceQuality "1"]

1. e4 c5 2. Nc3 d6 3. f4 Nc6 4. Nf3 g6 5. Bc4 Bg7 6. 0-0 Bg4 7. Bxf7+ Kf8 8. Bc4 Bf6 9. h3 Bd7 10. Ng5 Nh6 11. d3 Kg7 12. f5 Ne5 13. Ne6+ Bxe6 14. Bxe6 g5 15. Ne2 Nhf7 16. Ng3 Qg8 17. Nh5+ Kf8 18. g4 Nc6 19. c3 h6 20. Be3 Qh7 21. d4 b6 22. Qa4 Nfd8 23. Rad1 Rb8 24. Bd7 Na5 25. dxc5 dxc5 26. Nxf6 exf6 27. Bxc5+ Kg7 28. Be6 Rb7 29. Rd7+ 1-0

[Event "CZE-ch (Women)"]
[Site "Usti nad Labem"]
[Date "1996.??.??"]
[Round "8"]
[White "Flaisigova, Petra"]
[Black "Cejkova, Miroslava"]
[Result "0-1"]
[WhiteElo "1775"]
[BlackElo "2080"]
[PlyCount "60"]
[EventDate "1996.??.??"]
[EventType "swiss"]
[EventRounds "9"]
[EventCountry "CZE"]
[SourceTitle "EXT 1998"]
[Source "ChessBase"]
[SourceDate "1997.11.17"]
[SourceVersion "1"]
[SourceVersionDate "1997.11.17"]
[SourceQuality "1"]

1. e4 b6 2. d4 Bb7 3. Nc3 e6 4. f4 Bb4 5. Bd3 f5 6. d5 fxe4 7. Bxe4 Nf6 8. Bf3 Bxc3+ 9. bxc3 Bxd5 10. c4 Bxf3 11. Nxf3 Qe7 12. 0-0 Qc5+ 13. Qd4 Na6 14. Qxc5 Nxc5 15. Nd4 0-0-0 16. Nb3 Nce4 17. Nd2 Nxd2 18. Bxd2 Ne4 19. Be3 c5 20. a4 Nd6 21. Bd2 Nxc4 22. Bc3 Rhg8 23. Rae1 Rde8 24. Rf2 d5 25. Be5 Kd7 26. c3 Nxe5 27. fxe5 Ref8 28. Ref1 Ke7 29. Rf3 Rxf3 30. Rxf3 Rf8 0-1

[Event "CZE-chT2b 9596"]
[Site "Czech Republic"]
[Date "1996.??.??"]
[Round "?"]
[White "Melich, Jindrich"]
[Black "Cejkova, Miroslava"]
[Result "1-0"]
[WhiteElo "2190"]
[BlackElo "2080"]
[PlyCount "95"]
[EventDate "1995.??.??"]
[EventType "team"]
[EventRounds "11"]
[EventCountry "CZE"]
[SourceTitle "EXT 2000"]
[Source "ChessBase"]
[SourceDate "1999.11.16"]
[SourceVersion "1"]
[SourceVersionDate "1999.11.16"]
[SourceQuality "1"]

1. b4 e5 2. Bb2 e4 3. c4 Nf6 4. Qb3 d5 5. cxd5 Nxd5 6. a3 Be6 7. Qc2 f5 8. Nc3 Nd7 9. e3 c5 10. b5 Nxc3 11. Bxc3 c4 12. Ne2 Nc5 13. Nd4 Qd7 14. Nxe6 Qxe6 15. Be2 Nd3+ 16. Bxd3 cxd3 17. Qb2 Qg6 18. 0-0 Bd6 19. f3 0-0 20. fxe4 fxe4 21. Be5 Rae8 22. Bxd6 Qxd6 23. Qb3+ Kh8 24. Qa4 Qd5 25. Qb4 Rxf1+ 26. Rxf1 h6 27. Rf8+ Rxf8 28. Qxf8+ Kh7 29. Qe8 Qf5 30. h3 Qd5 31. Kf2 Qc4 32. g4 Qd5 33. h4 a6 34. bxa6 bxa6 35. h5 Qb7 36. Kg3 Qc7+ 37. Kg2 Qc4 38. Qg6+ Kh8 39. Qe8+ Kh7 40. Qe5 Kg8 41. Kg3 Qa4 42. Qe6+ Kf8 43. Qd6+ Kf7 44. Kf4 a5 45. Kf5 Qc4 46. Qd7+ Kf8 47. Qd8+ Kf7 48. Qxa5 1-0

[Event "Klatovy op"]
[Site "Klatovy"]
[Date "1996.??.??"]
[Round "?"]
[White "Shurygin, Sergey"]
[Black "Cejkova, Miroslava"]
[Result "1/2-1/2"]
[WhiteElo "2395"]
[BlackElo "2080"]
[PlyCount "116"]
[EventDate "1996.??.??"]
[EventType "swiss"]
[EventRounds "9"]
[EventCountry "CZE"]
[SourceTitle "EXT 1998"]
[Source "ChessBase"]
[SourceDate "1997.11.17"]
[SourceVersion "1"]
[SourceVersionDate "1997.11.17"]
[SourceQuality "1"]

1. c4 e6 2. Nc3 d5 3. d4 c6 4. Nf3 Nf6 5. Bg5 dxc4 6. e4 b5 7. e5 h6 8. Bh4 g5 9. Nxg5 hxg5 10. Bxg5 Be7 11. exf6 Bxf6 12. Bxf6 Qxf6 13. g3 Na6 14. Bg2 Bb7 15. Nxb5 0-0-0 16. Nc3 Rxd4 17. Qe2 Nb4 18. 0-0 Qh6 19. h4 Nd3 20. Qe3 Qg7 21. Ne4 c5 22. Qg5 Rg8 23. Qxg7 Rxg7 24. Ng5 Bxg2 25. Kxg2 Nxb2 26. Nf3 Rd3 27. Rac1 Ra3 28. Rc2 Rxa2 29. Rb1 c3 30. Rxc3 Na4 31. Rc4 f6 32. Rb5 Rc7 33. Ra5 Nb6 34. Rcxc5 Rxa5 35. Rxa5 Kd7 36. Nd4 Rb7 37. h5 e5 38. Nb5 Nc8 39. g4 Ke7 40. Nc3 Kf7 41. Ne4 Kg7 42. Kg3 Rd7 43. Ra6 Nb6 44. Nc5 Re7 45. Kf3 Kf7 46. Na4 Nd5 47. Nc5 Nb4 48. Ra4 Nc6 49. Ke4 Rc7 50. Kd5 Ne7+ 51. Kc4 Nc8 52. Ra5 Rc6 53. Kd3 Rd6+ 54. Ke3 Rd5 55. Nb3 Rxa5 56. Nxa5 Nd6 57. f3 Kg7 58. f4 exf4+ 1/2-1/2